[Event "4. Match Rusia vs. China 2007"]
[Site "Nizhniy Novgorod RUS"]
[Date "2007.08.30"]
[Round "10"]
[White "Kosintseva, Tatiana"]
[Black "Wang Yu"]
[Result "1/2-1/2"]
[WhiteElo "2502"]
[BlackElo "2384"]
[PlyCount "110"]
[EventDate "2007.08.20"]
[EventType "team"]
[EventRounds "10"]
[EventCountry "RUS"]
[Source "lmi"]
[SourceDate "2007.08.18"]

1. e4 e5 2. Nf3 Nf6 3. Nxe5 d6 4. Nf3 Nxe4 5. Nc3 Nxc3 6. dxc3 Be7 7. Be3 Nc6
8. Qd2 Ne5 9. O-O-O Nxf3 10. gxf3 Be6 11. Rg1 g6 12. Bd4 Rg8 13. c4 Qd7 14. Qa5
b6 15. Qa6 Qc8 16. Qa3 c5 17. Be3 Qc7 18. f4 O-O-O 19. Qb3 Bf6 20. Bg2 Rge8 21.
Rd2 Kd7 22. Re1 Ke7 23. f5 gxf5 24. Bf4 Be5 25. Qe3 Rg8 26. Bd5 Rg4 27. Bg5+ f6
28. Qh3 Bxd5 29. Rxd5 Kd7 30. f4 fxg5 31. fxe5 Kc8 32. Qd3 Re4 33. Rxe4 fxe4
34. Qxe4 dxe5 35. Rxe5 Qb7 36. Qxb7+ Kxb7 37. Re7+ Kc6 38. Rxh7 Rd4 39. b3 a6
40. Kb2 Rd2 41. Kc3 Rg2 42. a3 g4 43. b4 g3 44. Rh6+ Kb7 45. hxg3 Rxg3+ 46. Kb2
Rf3 47. b5 a5 48. Rd6 Kc7 49. Rd5 Re3 50. Rd3 Re4 51. Kc3 Rf4 52. Rh3 Rd4 53.
Rh5 Rg4 54. Rh7+ Kc8 55. Rh3 Kc7 1/2-1/2

[Event "4. Match Rusia vs. China 2007"]
[Site "Nizhniy Novgorod RUS"]
[Date "2007.08.30"]
[Round "10"]
[White "Zhang Pengxiang"]
[Black "Inarkiev, Ernesto"]
[Result "1-0"]
[WhiteElo "2649"]
[BlackElo "2663"]
[PlyCount "59"]
[EventDate "2007.08.20"]
[EventType "team"]
[EventRounds "10"]
[EventCountry "RUS"]
[Source "lmi"]
[SourceDate "2007.08.18"]

1. e4 c5 2. Nf3 Nc6 3. d4 cxd4 4. Nxd4 g6 5. Nc3 Bg7 6. Nxc6 bxc6 7. Bc4 d6 8.
Qf3 Nf6 9. e5 dxe5 10. Qxc6+ Bd7 11. Qa6 O-O 12. O-O Qb8 13. Bb3 Rc8 14. Bg5 e6
15. Rad1 Bc6 16. Rfe1 h6 17. Bh4 Nh5 18. Be7 e4 19. Nxe4 Bxe4 20. Rxe4 Bxb2 21.
g3 Ng7 22. Rd7 Qb6 23. Qd3 a5 24. Qf3 Nf5 25. g4 Rc3 26. Re3 Rxe3 27. Qxa8+ Kh7
28. gxf5 Re1+ 29. Kg2 gxf5 30. Qb7 1-0